000 00273nam a22001097a 4500
008 140219t xxu||||| |||| 00| 0 eng d
100 _aMary L. Boas
_9762
245 _aMathematical methods in the physical science
250 _athird edition
300 _a837
942 _2ddc
_cBK
999 _c17019
_d17019